000 00639nam a2200193Ia 4500
003 GCL
008 140319s9999 xx 000 0 ara d
040 _aGCL /
_cGCL
082 0 4 _aد
_b050
_bد هـ
245 1 0 _aالهلال فبراير 1999 : الاسلام والمسيحية واليهودية فى مصر
260 _aالقاهرة :
_bدار الهلال للطباعة والنشر ،
_c1999
650 0 4 _aالاسلام
650 0 4 _aاليهودية
650 0 4 _aالديانات
650 0 4 _aالاسلام والديانات الاخرى
650 0 4 _aام كلثوم
650 0 4 _aالمسيحية
942 _2ddc
_cCR
999 _c6660
_d6660